Between Power Politics and Pacifist Utopia: peace and war in sociological theory /

Guardat en:
Dades bibliogràfiques
Autor principal: Joas, Hans
Format: Text
Etiquetes: Afegir etiqueta
Sense etiquetes, Sigues el primer a etiquetar aquest registre!

MARC

LEADER 00000 a a2200000 04500
001 48347
003
040
100 |a Joas, Hans  
245 |a Between Power Politics and Pacifist Utopia:   |b peace and war in sociological theory /  |c Hans Joas  
773 |g volumen 39, número 1, (1991), páginas 47-66  
999 |c 39145  |d 39145